MARC

LEADER 00000nam0a2200000 4500
001 357511
005 20231102011011.0
035 |a (RuTPU)RU\TPU\retro\14779 
090 |a 357511 
100 |a 20200806d1978 m y0rusy50 ca 
101 0 |a rus 
102 |a RU 
105 |a a z 000zy 
200 1 |a Москва-Сибирь-Тихий океан  |e путевые репортажи "Известий"  |f под ред. И. Н. Голембиовского, Н. Г. Новикова 
210 |a Москва  |c Известия  |d 1978 
215 |a 448 с.  |c ил. 
606 1 |a Российская Федерация РФ  |x География  |2 stltpush  |3 (RuTPU)RU\TPU\subj\68812  |9 83945 
610 1 |a путешествия 
610 1 |a путевые заметки 
610 1 |a репортажи 
610 1 |a периодическая печать 
610 1 |a журналисты 
610 1 |a Москва 
610 1 |a Сибирь 
610 1 |a Дальний Восток 
675 |a 91(47+57)  |v 4 
702 1 |a Голембиовский  |b И. Н.  |4 340 
702 1 |a Новиков  |b Н. Г.  |4 340 
801 1 |a RU  |b 63413507  |c 20200806 
801 2 |a RU  |b 63413507  |c 20210303  |g RCR 
942 |c BK